| 000 | 00916nam a2200229 a 4500 | ||
|---|---|---|---|
| 003 | AM-YeHGA | ||
| 005 | 20250618080119.0 | ||
| 008 | 230602s1982 ru ||||gr|||||||||0|rus|d | ||
| 040 | _aAM-YeHGA | ||
| 041 | 0 |
_arus _aeng |
|
| 245 | 0 | 0 |
_aThe traitor / _c[С. Моэм, Дж. Олдридж, Г. Сетон и др.] ; Обработка, комментарий и словарь Е.Е. Речицкой. |
| 260 |
_aМосква : _bВоениздат, _c1982. |
||
| 300 | _a156 с. | ||
| 440 | 0 |
_aКнига для чтения на английском языке ; _vВып. 22 |
|
| 650 | 1 | 4 |
_aАнглийский язык _xХрестоматии |
| 700 | 1 |
_aՄոեմ, Սոմերսեթ, _d1874-1965 _98655 |
|
| 700 | 1 | _aОлдридж, Джеймс | |
| 700 | 1 | _aСетон, Грэм | |
| 700 | 1 |
_aРечицкая, Екатерина Евсеевна _eред. _4edt |
|
| 942 |
_2udc _cBK |
||
| 090 | _c565899 | ||
| 999 |
_c527780 _d527780 |
||